| 000 | 01789nam a2200565 i 4500 | ||
|---|---|---|---|
| 001 | 46218 | ||
| 003 | KOSZ 005 | ||
| 005 | 20240405063151.0 | ||
| 008 | 981012s1998 pl a |001 0 pol d | ||
| 015 | _aUWD 1998/13148 | ||
| 020 | _a8321339700 | ||
| 035 | _a991006923869705066 | ||
| 035 | _a(PL-WaBN)b11800112-48omnis_nlop | ||
| 035 | _ab11800112 | ||
| 035 | _a(OCoLC)835843584 | ||
| 035 | _a(PL)b0000001180011 | ||
| 035 | _a(EXLNZ-48OMNIS_NETWORK)9910115426905606 | ||
| 040 |
_aWA N _cWA N _dKOSZ 005/HR |
||
| 041 | 1 |
_apol _hita |
|
| 046 | _k1991 | ||
| 080 | _a749.1.034/.036 | ||
| 080 | _a(084.21) | ||
| 100 | 1 |
_aMontenegro, Riccardo _eAutor |
|
| 245 | 1 | 0 |
_aMeble / _cRiccardo Montenegro ; [tł. z wł. Grażyna Jurkowlaniec]. |
| 246 | 1 |
_iTyt. oryg.: _aMobili, _f1991 |
|
| 250 | _aWydanie 1, dodruk. | ||
| 260 |
_aWarszawa : _b"Arkady", _c2001. |
||
| 300 |
_a191, [1] s. : _bfot. kolor., rys. ; _c25 cm. |
||
| 336 |
_aTekst _btxt _2rdacontent |
||
| 337 |
_aBez urządzenia pośredniczącego _bn _2rdamedia |
||
| 338 |
_aWolumin _bnc _2rdacarrier |
||
| 380 | _aKsiążki | ||
| 388 | _a1901-2000 | ||
| 388 | _a1989-2000 | ||
| 504 | _aIndeks. | ||
| 648 | 7 |
_a1401-1500 _2DBN |
|
| 648 | 7 |
_a1501-1600 _2DBN |
|
| 648 | 7 |
_a1601-1700 _2DBN |
|
| 648 | 7 |
_a1701-1800 _2DBN |
|
| 648 | 7 |
_a1801-1900 _2DBN |
|
| 648 | 7 |
_a1901-2000 _2DBN |
|
| 650 | 7 |
_aMeble _2DBN |
|
| 655 | 7 |
_aWydawnictwa popularne _2DBN |
|
| 658 | _aKultura i sztuka | ||
| 700 | 1 |
_aJurkowlaniec, Grażyna _eTłumaczenie |
|
| 710 | 2 |
_aWydawnictwo Arkady _4pbl |
|
| 856 |
_uhttp://koha.tu.koszalin.pl/cgi-bin/koha/opac-detail.pl?biblionumber=46218 _yKatalog online BPK |
||
| 942 |
_2UKD _cKS |
||
| 999 |
_c46218 _d46218 |
||